Members of Kara (Kpop) - Statistics

General Stats
  • This quiz has been taken 121 times
  • The average score is 5 of 7
Answer Stats
Answer % Correct
Hara
99%
Nicole
87%
Gyuri
81%
Seungyeon
76%
Jiyoung
70%
Youngji
69%
Sunghee
60%
No matching quizzes found
Score Distribution
Percent of People with Each Score
Percentile by Number Answered
Your Score History
You have not taken this quiz